[Event "Ruhrgebiet VK3 1213"]
[Site "Nordrheinwestfalen"]
[Date "2013.02.03"]
[Round "6"]
[White "Wuendisch, Steffen"]
[Black "Krakau, Uwe"]
[Result "1/2-1/2"]
[WhiteElo "1701"]
[BlackElo "1733"]
[PlyCount "72"]
[EventDate "2012.09.02"]
[EventType "team-tourn"]
[EventRounds "9"]
[EventCountry "GER"]
[SourceTitle "EXT 2020"]
[Source "ChessBase"]
[SourceDate "2019.10.17"]
[SourceVersion "1"]
[SourceVersionDate "2019.10.17"]
[SourceQuality "1"]
[WhiteTeam "Guennigfeld SV"]
[BlackTeam "Horst Emscher II"]
[WhiteTeamCountry "GER"]
[BlackTeamCountry "GER"]

1. d4 d5 2. c4 c6 3. e3 Bf5 4. Nc3 Nf6 5. Bd3 Bxd3 6. Qxd3 e6 7. Nge2 Bd6 8. Ng3 Nbd7 9. e4 dxe4 10. Ncxe4 Nxe4 11. Nxe4 Be7 12. 0-0 0-0 13. Rd1 Nf6 14. Bg5 Nxe4 15. Bxe7 Qxe7 16. Qxe4 Rad8 17. d5 cxd5 18. Rxd5 Rxd5 19. cxd5 e5 20. Rd1 Qd6 21. Rc1 f6 22. Rc3 g6 23. Qc4 Rd8 24. Rd3 Kg7 25. g3 Rd7 26. Qb5 a6 27. Qa5 e4 28. Rd4 Qe5 29. Qd2 f5 30. h4 Qd6 31. Qc3 Qe5 32. Qd2 h6 33. Kg2 Kf6 34. Qxh6 Qxd4 35. Qh8+ Rg7 36. Qf8+ Rf7 1/2-1/2